000 00301nam a2200145Ia 4500
100 _aJorgensen/Carolyn
942 _cBK
654 _aMastering 1-2-3
245 _aMastering 1-2-3
260 _bB.P.B.Pub.
_aDelhi
_c1986
082 _a1.6
_bJor
300 _a466
546 _aENGLISH
999 _c24527
_d24527